[Event "DEM U10w 2021"]
[Site "Willingen GER"]
[Date "2021.08.28"]
[Round "9"]
[White "Kühne, Malin"]
[Black "Funke, Luise"]
[Result "0-1"]
[Termination "normal"]
[Board "16"]
[WhiteElo "938"]
[BlackElo "737"]
[WhiteClock "00:06:22"]
[BlackClock "00:46:06"]
[PlyCount "78"]
[WhiteFideId "34619747"]
[BlackFideId "34623752"]
[EventCountry "GER"]
[EventRounds "11"]
[EventType "swiss"]
[EventDate "2021.08.22"]

1. e4 {[%clk 01:15:57]} {[%emt 00:00:03]} e5 {[%clk 01:15:56]} {[%emt
00:00:04]} 2. Nf3 {[%clk 01:16:22]} {[%emt 00:00:05]} Nc6 {[%clk 01:16:21]}
{[%emt 00:00:06]} 3. Bc4 {[%clk 01:16:44]} {[%emt 00:00:08]} Bc5 {[%clk
01:16:45]} {[%emt 00:00:06]} 4. c3 {[%clk 01:17:07]} {[%emt 00:00:06]} Nf6
{[%clk 01:17:09]} {[%emt 00:00:07]} 5. d4 {[%clk 01:17:31]} {[%emt 00:00:06]}
exd4 {[%clk 01:17:31]} {[%emt 00:00:09]} 6. cxd4 {[%clk 01:17:45]} {[%emt
00:00:15]} Bb4+ {[%clk 01:17:43]} {[%emt 00:00:19]} 7. Bd2 {[%clk 01:18:06]}
{[%emt 00:00:08]} Bxd2+ {[%clk 01:18:03]} {[%emt 00:00:11]} 8. Nbxd2 {[%clk
01:18:26]} {[%emt 00:00:10]} O-O {[%clk 01:17:54]} {[%emt 00:00:38]} 9. O-O
{[%clk 01:18:48]} {[%emt 00:00:09]} d6 {[%clk 01:17:15]} {[%emt 00:01:08]} 10.
d5 {[%clk 01:18:45]} {[%emt 00:00:33]} Ne5 {[%clk 01:16:51]} {[%emt 00:00:54]}
11. h3 {[%clk 01:18:35]} {[%emt 00:00:39]} Nxc4 {[%clk 01:16:06]} {[%emt
00:01:16]} 12. Nxc4 {[%clk 01:15:55]} {[%emt 00:03:10]} b5 {[%clk 01:15:53]}
{[%emt 00:00:43]} 13. Ncd2 {[%clk 01:15:51]} {[%emt 00:00:34]} c5 {[%clk
01:14:42]} {[%emt 00:01:42]} 14. a4 {[%clk 01:13:46]} {[%emt 00:02:33]} b4
{[%clk 01:14:02]} {[%emt 00:01:10]} 15. b3 {[%clk 01:13:50]} {[%emt 00:00:27]}
Ba6 {[%clk 01:14:11]} {[%emt 00:00:21]} 16. Re1 {[%clk 01:13:54]} {[%emt
00:00:25]} h6 {[%clk 01:10:49]} {[%emt 00:03:53]} 17. Rc1 {[%clk 01:12:00]}
{[%emt 00:02:24]} Bd3 {[%clk 01:04:43]} {[%emt 00:06:36]} 18. Re3 {[%clk
01:03:48]} {[%emt 00:08:42]} Ba6 {[%clk 01:02:45]} {[%emt 00:02:29]} 19. Nc4
{[%clk 01:01:47]} {[%emt 00:02:31]} Bxc4 {[%clk 01:00:22]} {[%emt 00:02:53]}
20. Rxc4 {[%clk 01:00:59]} {[%emt 00:01:17]} Nh5 {[%clk 00:56:18]} {[%emt
00:04:34]} 21. e5 {[%clk 00:50:40]} {[%emt 00:10:49]} Rc8 {[%clk 00:54:49]}
{[%emt 00:01:59]} 22. Rh4 {[%clk 00:44:36]} {[%emt 00:06:25]} g6 {[%clk
00:52:49]} {[%emt 00:02:39]} 23. Rc4 {[%clk 00:40:23]} {[%emt 00:04:42]} Re8
{[%clk 00:51:56]} {[%emt 00:01:24]} 24. exd6 {[%clk 00:30:25]} {[%emt
00:10:29]} Qxd6 {[%clk 00:51:31]} {[%emt 00:00:54]} 25. Re1 {[%clk 00:24:37]}
{[%emt 00:06:18]} Nf4 {[%clk 00:50:55]} {[%emt 00:01:06]} 26. Qd2 {[%clk
00:19:52]} {[%emt 00:05:15]} Nxd5 {[%clk 00:49:49]} {[%emt 00:01:36]} 27. Rce4
{[%clk 00:14:13]} {[%emt 00:06:08]} Red8 {[%clk 00:49:34]} {[%emt 00:00:46]}
28. Qxh6 {[%clk 00:10:49]} {[%emt 00:03:53]} Qf8 {[%clk 00:48:52]} {[%emt
00:01:13]} 29. Qxf8+ {[%clk 00:10:29]} {[%emt 00:00:51]} Rxf8 {[%clk 00:49:04]}
{[%emt 00:00:17]} 30. Re5 {[%clk 00:10:18]} {[%emt 00:00:41]} Rcd8 {[%clk
00:48:28]} {[%emt 00:01:06]} 31. Rd1 {[%clk 00:10:11]} {[%emt 00:00:37]} Nf4
{[%clk 00:48:19]} {[%emt 00:00:39]} 32. Rxd8 {[%clk 00:10:06]} {[%emt
00:00:36]} Rxd8 {[%clk 00:46:16]} {[%emt 00:02:32]} 33. Re4 {[%clk 00:09:44]}
{[%emt 00:00:54]} Ne6 {[%clk 00:46:09]} {[%emt 00:00:35]} 34. Re5 {[%clk
00:09:43]} {[%emt 00:00:31]} c4 {[%clk 00:46:08]} {[%emt 00:00:31]} 35. Rb5
{[%clk 00:09:15]} {[%emt 00:00:59]} c3 {[%clk 00:46:17]} {[%emt 00:00:21]} 36.
Ne1 {[%clk 00:07:19]} {[%emt 00:02:26]} Rd1 {[%clk 00:46:17]} {[%emt 00:00:29]}
37. Kf1 {[%clk 00:06:56]} {[%emt 00:00:53]} c2 {[%clk 00:46:19]} {[%emt
00:00:28]} 38. Rd5 {[%clk 00:06:11]} {[%emt 00:01:14]} c1=Q {[%clk 00:46:06]}
{[%emt 00:00:44]} 39. Rxd1 {[%clk 00:06:22]} Qxd1 {[%clk 00:46:06]} 0-1

[Event "DEM U10w 2021"]
[Site "Willingen GER"]
[Date "2021.08.28"]
[Round "9"]
[White "Margaryan, Mane"]
[Black "Marrufo, Leandra"]
[Result "1-0"]
[Termination "normal"]
[Board "17"]
[WhiteElo "893"]
[BlackElo "755"]
[WhiteClock "00:38:08"]
[BlackClock "00:36:51"]
[PlyCount "79"]
[WhiteFideId "16268237"]
[BlackFideId "34630260"]
[EventCountry "GER"]
[EventRounds "11"]
[EventType "swiss"]
[EventDate "2021.08.22"]

1. d4 {[%clk 01:15:58]} {[%emt 00:00:02]} d5 {[%clk 01:15:52]} {[%emt
00:00:08]} 2. c4 {[%clk 01:16:23]} {[%emt 00:00:05]} c6 {[%clk 01:16:08]}
{[%emt 00:00:13]} 3. Nc3 {[%clk 01:16:42]} {[%emt 00:00:11]} Nf6 {[%clk
01:16:24]} {[%emt 00:00:14]} 4. Bg5 {[%clk 01:16:18]} {[%emt 00:00:54]} e6
{[%clk 01:16:29]} {[%emt 00:00:25]} 5. e3 {[%clk 01:16:29]} {[%emt 00:00:19]}
Be7 {[%clk 01:16:34]} {[%emt 00:00:26]} 6. Bd3 {[%clk 01:16:32]} {[%emt
00:00:26]} h6 {[%clk 01:16:31]} {[%emt 00:00:34]} 7. Bh4 {[%clk 01:16:51]}
{[%emt 00:00:11]} O-O {[%clk 01:16:43]} {[%emt 00:00:18]} 8. Nf3 {[%clk
01:17:14]} {[%emt 00:00:06]} Bb4 {[%clk 01:12:43]} {[%emt 00:04:30]} 9. Rc1
{[%emt 00:04:20]} b6 {[%clk 01:09:11]} 10. O-O {[%clk 01:17:41]} {[%emt
00:00:15]} Ba6 {[%clk 01:09:13]} {[%emt 00:00:28]} 11. b3 {[%clk 01:16:56]}
{[%emt 00:01:13]} Nbd7 {[%clk 01:07:08]} {[%emt 00:02:37]} 12. Re1 {[%clk
01:15:49]} {[%emt 00:01:37]} Qe8 {[%clk 01:06:39]} {[%emt 00:00:59]} 13. h3
{[%clk 01:13:58]} {[%emt 00:02:21]} Ne4 {[%clk 01:04:47]} {[%emt 00:02:21]} 14.
Bxe4 {[%clk 01:11:00]} {[%emt 00:03:28]} dxe4 {[%clk 01:04:51]} {[%emt
00:00:26]} 15. Nd2 {[%clk 01:09:37]} {[%emt 00:01:54]} f6 {[%clk 00:59:37]}
{[%emt 00:05:44]} 16. Ndxe4 {[%clk 01:08:36]} {[%emt 00:01:30]} f5 {[%clk
00:56:19]} {[%emt 00:03:48]} 17. Nd2 {[%clk 01:04:57]} {[%emt 00:04:10]} c5
{[%clk 00:53:01]} {[%emt 00:03:48]} 18. d5 {[%clk 00:56:47]} {[%emt 00:08:39]}
e5 {[%clk 00:52:54]} {[%emt 00:00:37]} 19. d6 {[%clk 00:55:25]} {[%emt
00:01:53]} f4 {[%clk 00:52:48]} {[%emt 00:00:36]} 20. exf4 {[%clk 00:54:38]}
{[%emt 00:01:16]} exf4 {[%clk 00:53:05]} {[%emt 00:00:13]} 21. Rxe8 {[%emt
00:00:16]} Raxe8 {[%clk 00:53:05]} {[%emt 00:00:26]} 22. Nd5 {[%clk 00:54:44]}
{[%emt 00:00:43]} Rc8 {[%clk 00:50:58]} {[%emt 00:02:38]} 23. Ne7+ {[%clk
00:54:55]} {[%emt 00:00:19]} Kh8 {[%clk 00:50:07]} {[%emt 00:01:19]} 24. Nxc8
{[%clk 00:55:03]} {[%emt 00:00:23]} Bxc8 {[%clk 00:50:23]} {[%emt 00:00:14]}
25. Ne4 {[%clk 00:49:36]} {[%emt 00:05:57]} Re8 {[%clk 00:50:11]} {[%emt
00:00:41]} 26. Nc3 {[%clk 00:48:32]} {[%emt 00:01:34]} Re6 {[%clk 00:49:43]}
{[%emt 00:00:58]} 27. Nb5 {[%clk 00:47:29]} {[%emt 00:01:35]} Rg6 {[%clk
00:48:45]} {[%emt 00:01:26]} 28. Nxa7 {[%clk 00:45:28]} {[%emt 00:02:31]} Bb7
{[%clk 00:48:26]} {[%emt 00:00:50]} 29. f3 {[%clk 00:45:11]} {[%emt 00:15:20]}
Ne5 {[%clk 00:48:14]} {[%emt 00:00:42]} 30. Kh2 {[%clk 00:43:46]} Ba3 {[%clk
00:43:33]} {[%emt 00:07:04]} 31. Rc2 {[%clk 00:43:30]} Nxf3+ {[%clk 00:39:17]}
{[%emt 00:05:42]} 32. Kh1 {[%clk 00:40:49]} {[%emt 00:03:11]} Nxh4 {[%clk
00:38:14]} {[%emt 00:01:33]} 33. d7 {[%clk 00:39:36]} {[%emt 00:01:44]} Bxg2+
{[%clk 00:37:50]} {[%emt 00:00:54]} 34. Rxg2 {[%clk 00:38:17]} {[%emt
00:01:49]} Rxg2 {[%clk 00:37:33]} {[%emt 00:00:46]} 35. d8=Q+ {[%emt 00:00:11]}
Kh7 {[%clk 00:37:16]} {[%emt 00:00:43]} 36. Q1d3+ {[%clk 00:38:44]} {[%emt
00:00:26]} Rg6 {[%clk 00:37:17]} {[%emt 00:00:29]} 37. Qxh4 {[%clk 00:38:36]}
{[%emt 00:00:39]} f3 {[%clk 00:36:25]} {[%emt 00:01:22]} 38. Qhe4 {[%clk
00:38:03]} {[%emt 00:01:03]} f2 {[%clk 00:36:35]} {[%emt 00:00:21]} 39. Qxg6+
{[%clk 00:38:26]} {[%emt 00:00:05]} Kg8 {[%clk 00:36:51]} {[%emt 00:00:13]} 40.
Qd8# {[%clk 00:38:08]} {[%emt 00:00:17]} 1-0

[Event "DEM U10w 2021"]
[Site "Willingen GER"]
[Date "2021.08.28"]
[Round "9"]
[White "Leistritz, Romina"]
[Black "Ruddat, Maila"]
[Result "1-0"]
[Termination "normal"]
[Board "18"]
[WhiteElo "1047"]
[BlackElo "729"]
[WhiteClock "00:30:25"]
[BlackClock "00:45:31"]
[PlyCount "59"]
[BlackFideId "34628100"]
[EventCountry "GER"]
[EventRounds "11"]
[EventType "swiss"]
[EventDate "2021.08.22"]

1. e4 {[%clk 01:15:57]} {[%emt 00:00:02]} e5 {[%clk 01:15:50]} {[%emt
00:00:10]} 2. Nf3 {[%clk 01:16:23]} {[%emt 00:00:05]} Nc6 {[%clk 01:16:01]}
{[%emt 00:00:19]} 3. Bc4 {[%clk 01:16:45]} {[%emt 00:00:07]} Bc5 {[%clk
01:16:05]} {[%emt 00:00:27]} 4. d4 {[%clk 01:17:03]} {[%emt 00:00:11]} exd4
{[%clk 01:16:16]} {[%emt 00:00:18]} 5. Ng5 {[%clk 01:17:16]} {[%emt 00:00:19]}
Nh6 {[%clk 01:14:51]} {[%emt 00:01:55]} 6. Nxf7 {[%clk 01:17:29]} {[%emt
00:00:17]} Nxf7 {[%clk 01:14:54]} {[%emt 00:00:25]} 7. Bxf7+ {[%clk 01:17:48]}
{[%emt 00:00:13]} Kxf7 {[%clk 01:14:54]} {[%emt 00:00:28]} 8. Qh5+ {[%clk
01:17:35]} {[%emt 00:00:45]} Kf8 {[%clk 01:14:51]} {[%emt 00:00:33]} 9. Qxc5+
{[%clk 01:17:37]} {[%emt 00:00:27]} Ke8 {[%clk 01:14:54]} {[%emt 00:00:27]} 10.
Bg5 {[%clk 01:17:31]} {[%emt 00:00:36]} Ne7 {[%clk 01:14:39]} {[%emt 00:00:46]}
11. Qxd4 {[%clk 01:16:19]} {[%emt 00:01:41]} Rg8 {[%clk 01:13:36]} {[%emt
00:01:30]} 12. Nd2 {[%clk 01:12:19]} {[%emt 00:04:33]} Nc6 {[%clk 01:11:19]}
{[%emt 00:02:47]} 13. Qd5 {[%clk 01:11:48]} {[%emt 00:01:01]} Ne7 {[%clk
01:11:05]} {[%emt 00:00:45]} 14. Qc4 {[%clk 01:09:51]} {[%emt 00:02:25]} h6
{[%clk 01:10:25]} {[%emt 00:01:11]} 15. Bh4 {[%clk 01:07:21]} {[%emt 00:02:59]}
g5 {[%clk 01:10:36]} {[%emt 00:00:20]} 16. Bg3 {[%clk 01:07:03]} {[%emt
00:00:48]} d6 {[%clk 01:10:02]} {[%emt 00:01:04]} 17. f4 {[%clk 01:03:19]}
{[%emt 00:04:13]} gxf4 {[%clk 01:08:26]} {[%emt 00:02:05]} 18. Bxf4 {[%emt
00:05:55]} Bg4 {[%clk 01:04:08]} {[%emt 00:00:01]} 19. h3 {[%clk 01:00:14]}
{[%emt 00:02:57]} Bh5 {[%clk 01:04:10]} {[%emt 00:00:28]} 20. Bxh6 {[%clk
00:58:06]} {[%emt 00:02:38]} Rxg2 {[%clk 01:03:08]} {[%emt 00:01:32]} 21. Qb5+
{[%clk 00:55:48]} {[%emt 00:02:48]} c6 {[%clk 01:02:29]} {[%emt 00:01:09]} 22.
Qxh5+ {[%clk 00:55:44]} {[%emt 00:00:35]} Kd7 {[%clk 01:00:54]} {[%emt
00:02:04]} 23. Rf1 {[%clk 00:50:53]} {[%emt 00:05:19]} Qb6 {[%clk 00:59:40]}
{[%emt 00:01:47]} 24. Qf7 {[%clk 00:44:08]} {[%emt 00:07:15]} Qxb2 {[%clk
00:58:25]} {[%emt 00:01:44]} 25. Rb1 {[%clk 00:43:45]} {[%emt 00:00:54]} Qxc2
{[%clk 00:58:29]} {[%emt 00:00:24]} 26. Qf3 {[%emt 00:07:33]} Rg6 {[%clk
00:57:21]} {[%emt 00:00:02]} 27. Bf4 {[%clk 00:34:42]} {[%emt 00:04:08]} Qxa2
{[%clk 00:50:28]} {[%emt 00:01:07]} 28. Rxb7+ {[%clk 00:34:25]} {[%emt
00:06:59]} Kd8 {[%clk 00:49:57]} {[%emt 00:01:04]} 29. Bg5 {[%clk 00:31:59]}
{[%emt 00:02:56]} Rxg5 {[%clk 00:45:31]} {[%emt 00:04:54]} 30. Qf8# {[%clk
00:30:25]} {[%emt 00:02:07]} 1-0

[Event "DEM U10w 2021"]
[Site "Willingen GER"]
[Date "2021.08.28"]
[Round "9"]
[White "Guliyeva, Zahra"]
[Black "Borck, Elena"]
[Result "1/2-1/2"]
[Termination "normal"]
[Board "19"]
[WhiteElo "783"]
[BlackElo "775"]
[WhiteClock "00:43:01"]
[BlackClock "00:52:30"]
[PlyCount "77"]
[WhiteFideId "34630198"]
[BlackFideId "16275446"]
[EventCountry "GER"]
[EventRounds "11"]
[EventType "swiss"]
[EventDate "2021.08.22"]

1. e4 {[%clk 01:15:57]} {[%emt 00:00:02]} d6 {[%clk 01:15:55]} {[%emt
00:00:06]} 2. Nf3 {[%clk 01:15:53]} {[%emt 00:00:33]} Nf6 {[%clk 01:16:09]}
{[%emt 00:00:16]} 3. Nc3 {[%clk 01:16:13]} {[%emt 00:00:10]} g6 {[%clk
01:16:32]} {[%emt 00:00:09]} 4. d3 {[%clk 01:16:16]} {[%emt 00:00:20]} Bg7
{[%clk 01:16:55]} {[%emt 00:00:14]} 5. h3 {[%clk 01:16:20]} {[%emt 00:00:24]}
O-O {[%clk 01:17:18]} {[%emt 00:00:09]} 6. d4 {[%clk 01:16:17]} {[%emt
00:00:32]} Nc6 {[%clk 01:17:40]} {[%emt 00:00:09]} 7. d5 {[%clk 01:15:41]}
{[%emt 00:01:07]} Ne5 {[%clk 01:16:55]} {[%emt 00:01:15]} 8. Bb5 {[%clk
01:14:39]} {[%emt 00:01:31]} Nxf3+ {[%clk 01:17:06]} {[%emt 00:00:19]} 9. Qxf3
{[%clk 01:14:01]} {[%emt 00:01:08]} a6 {[%clk 01:17:31]} {[%emt 00:00:06]} 10.
Ba4 {[%clk 01:14:18]} {[%emt 00:00:13]} b5 {[%clk 01:17:53]} {[%emt 00:00:09]}
11. Bb3 {[%clk 01:14:24]} {[%emt 00:00:24]} Rb8 {[%clk 01:18:14]} {[%emt
00:00:09]} 12. Bg5 {[%clk 01:13:07]} {[%emt 00:01:46]} Rb6 {[%clk 01:18:11]}
{[%emt 00:00:34]} 13. O-O {[%clk 01:10:11]} {[%emt 00:03:26]} c6 {[%clk
01:18:32]} {[%emt 00:00:09]} 14. dxc6 {[%clk 01:10:30]} {[%emt 00:00:11]} Rxc6
{[%clk 01:18:55]} {[%emt 00:00:07]} 15. e5 {[%clk 01:10:31]} {[%emt 00:00:29]}
Rc5 {[%clk 01:19:03]} {[%emt 00:00:22]} 16. Qe3 {[%clk 01:02:12]} {[%emt
00:08:48]} dxe5 {[%clk 01:18:21]} {[%emt 00:01:11]} 17. Qxc5 {[%clk 01:01:21]}
{[%emt 00:01:57]} Bb7 {[%clk 01:18:58]} {[%emt 00:00:19]} 18. Rfd1 {[%clk
01:01:21]} {[%emt 00:00:29]} Qa8 {[%clk 01:18:23]} {[%emt 00:01:05]} 19. Bd5
{[%clk 00:55:13]} {[%emt 00:06:39]} Rc8 {[%clk 01:15:09]} {[%emt 00:03:44]} 20.
Qe3 {[%clk 00:54:45]} {[%emt 00:00:57]} e6 {[%clk 01:14:43]} {[%emt 00:00:57]}
21. Bf3 {[%clk 00:53:57]} {[%emt 00:01:17]} Bc6 {[%clk 01:14:29]} {[%emt
00:00:44]} 22. Bxc6 {[%clk 00:53:03]} {[%emt 00:01:24]} Qxc6 {[%clk 01:13:49]}
{[%emt 00:01:10]} 23. Rd3 {[%clk 00:52:16]} {[%emt 00:01:16]} Nd5 {[%clk
01:09:55]} {[%emt 00:04:20]} 24. a3 {[%clk 00:51:37]} {[%emt 00:01:14]} Nxe3
{[%clk 01:09:55]} {[%emt 00:00:30]} 25. Rxe3 {[%clk 00:51:39]} {[%emt
00:00:28]} f6 {[%clk 01:09:27]} {[%emt 00:00:58]} 26. Bh4 {[%clk 00:48:53]}
{[%emt 00:03:15]} Rf8 {[%clk 01:09:05]} {[%emt 00:00:52]} 27. Rd3 {[%clk
00:48:18]} {[%emt 00:01:05]} f5 {[%clk 01:08:35]} {[%emt 00:01:00]} 28. Be7
{[%clk 00:48:18]} {[%emt 00:00:30]} Re8 {[%clk 01:08:40]} {[%emt 00:00:25]} 29.
Bb4 {[%clk 00:48:12]} {[%emt 00:00:36]} e4 {[%clk 01:08:55]} {[%emt 00:00:15]}
30. Rd6 {[%clk 00:48:23]} {[%emt 00:00:20]} Qb7 {[%clk 01:08:54]} {[%emt
00:00:30]} 31. Rad1 {[%clk 00:48:33]} {[%emt 00:00:21]} Qb8 {[%clk 01:08:19]}
{[%emt 00:01:04]} 32. Rd7 {[%clk 00:47:45]} {[%emt 00:01:18]} Bf6 {[%clk
01:07:47]} {[%emt 00:01:01]} 33. Ne2 {[%clk 00:47:16]} {[%emt 00:01:00]} Bh4
{[%clk 01:04:47]} {[%emt 00:03:31]} 34. Bc3 {[%clk 00:46:00]} {[%emt 00:01:35]}
e5 {[%clk 01:04:11]} {[%emt 00:01:54]} 35. f4 {[%clk 00:43:38]} {[%emt
00:03:16]} Qb6+ {[%clk 00:56:50]} {[%emt 00:07:50]} 36. Kh1 {[%clk 00:43:42]}
{[%emt 00:00:17]} Qf2 {[%clk 00:53:57]} {[%emt 00:03:32]} 37. g3 {[%clk
00:43:21]} {[%emt 00:00:51]} Bf6 {[%clk 00:53:51]} {[%emt 00:00:35]} 38. fxe5
{[%clk 00:43:10]} {[%emt 00:00:43]} Bg5 {[%clk 00:52:30]} {[%emt 00:01:49]} 39.
h4 {[%clk 00:43:01]} {[%emt 00:00:40]} 1/2-1/2